Statistics for Countries of the World in Dutch

Click here to take the quiz!

General Stats

  • This quiz has been taken 84 times
  • The average score is 90 of 196

Answers on the Map

Answers color-coded by a green-red scale on the quiz's map according to % correct below.
 

Answer Stats

Land% Correct
Canada
91%
Mexico
91%
Nederland
91%
België
86%
Italië
86%
Polen
86%
China
84%
Frankrijk
84%
Portugal
84%
Rusland
84%
Duitsland
82%
Spanje
82%
Australië
80%
Denemarken
80%
IJsland
80%
Japan
80%
Verenigde Staten
80%
Brazilië
77%
Chili
77%
Estland
77%
Finland
77%
India
77%
Letland
77%
Noorwegen
77%
Zuid-Afrika
77%
Zweden
77%
Argentinië
75%
Iran
75%
Marokko
75%
Oostenrijk
75%
Peru
75%
Egypte
73%
Griekenland
73%
Ierland
73%
Indonesië
73%
Cuba
70%
Irak
70%
Niger
70%
Zwitserland
70%
Madagaskar
68%
Mongolië
68%
Verenigd Koninkrijk
68%
Nieuw-Zeeland
66%
Oekraïne
66%
Suriname
66%
Turkije
66%
Zuid-Korea
66%
Kroatië
64%
Litouwen
64%
Noord-Korea
64%
Slovenië
61%
Slowakije
61%
Albanië
59%
Colombia
59%
Israël
59%
Luxemburg
59%
Nigeria
59%
Tsjechië
59%
Hongarije
57%
Bulgarije
55%
Pakistan
55%
Thailand
55%
Afghanistan
52%
Libië
52%
Roemenië
52%
Venezuela
52%
Belarus
50%
Nepal
50%
Uruguay
50%
Vietnam
50%
Ghana
48%
Panama
48%
Servië
48%
Algerije
45%
Bolivia
45%
Costa Rica
45%
Dominica
45%
Ecuador
45%
Ethiopië
45%
Filipijnen
45%
Haïti
45%
Jemen
45%
Namibië
45%
Oman
45%
Somalië
45%
Zimbabwe
45%
Mali
43%
Malta
43%
Paraguay
43%
Senegal
43%
Sri Lanka
43%
Syrië
43%
Tanzania
43%
Zambia
43%
Botswana
41%
Cyprus
41%
Honduras
41%
Jamaica
41%
Kenia
41%
Laos
41%
Maleisië
41%
Verenigde Arabische
Emiraten
41%
Angola
39%
Georgië
39%
Ivoorkust
39%
Kazachstan
39%
Kosovo
39%
Liechtenstein
39%
Noord-Macedonië
39%
Qatar
39%
Andorra
36%
Bahama's
36%
Belize
36%
Eritrea
36%
Guatemala
36%
Guyana
36%
Malawi
36%
Monaco
36%
Soedan
36%
Taiwan
36%
Tunesië
36%
Bangladesh
34%
Bosnië
en Herzegovina
34%
Burkina Faso
34%
El Salvador
34%
Guinee
34%
Lesotho
34%
Moldavië
34%
Montenegro
34%
Mozambique
34%
Myanmar
34%
Nicaragua
34%
Zuid-Soedan
34%
Bhutan
32%
Cambodja
32%
Dominicaanse Republiek
32%
Eswatini
32%
Fiji
32%
Mauritanië
32%
Nauru
32%
Rwanda
32%
San Marino
32%
Togo
32%
Gabon
30%
Gambia
30%
Kameroen
30%
Liberia
30%
Oezbekistan
30%
Saoedi-Arabië
30%
Tonga
30%
Tsjaad
30%
Turkmenistan
30%
Vaticaanstad
30%
Armenië
27%
Barbados
27%
Benin
27%
Burundi
27%
Djibouti
27%
Grenada
27%
Jordanië
27%
Kiribati
27%
Palau
27%
Saint Lucia
27%
Sierra Leone
27%
Singapore
27%
Tuvalu
27%
Vanuatu
27%
Guinee-Bissau
25%
Maldiven
25%
Oeganda
25%
Republiek Congo
25%
Samoa
25%
Seychellen
25%
Trinidad en Tobago
25%
Libanon
23%
Mauritius
23%
Micronesia
23%
Saint Kitts en Nevis
23%
Kaapverdië
20%
Oost-Timor
20%
Antigua en Barbuda
18%
Azerbeidzjan
18%
Brunei
18%
Centraal-Afrikaanse
Republiek
18%
Comoren
18%
Democratische Republiek Congo
18%
Koeweit
18%
Marshalleilanden
18%
Papoea-Nieuw-Guinea
18%
Bahrein
16%
Equatoriaal-Guinea
16%
Kirgizië
14%
Saint Vincent en de
Grenadines
14%
Sao Tomé en Principe
14%
Tadzjikistan
14%
Salomonseilanden
9%

Score Distribution

Percentile by Number Answered

Percent of People with Each Score

Your Score History

You have not taken this quiz